Análisis multitemporal (1940-1996) del cambio de la cobertura vegetal en dos áreas del borde sur occidental de la Sabana de Bogotá, Cundinamarca, Colombia (Registro nro. 2104)

Detalles MARC
000 -CABECERA
Campo de control 01029nam a2200289 a 4500
005 - FECHA Y HORA DE LA ULTIMA TRANSACCION
Campo de control 20191224041623.0
008 - ELEMENTOS DE LONGITUD FIJA—INFORMACION GENERAL
Campo de control 140304b1999 ck |||||rm||| 00| 0 spa d
040 ## - FUENTE DE CATALOGACIÓN
Agencia catalogadora original CO-BoIAVH
Agencia transcriptora CO-BoIAVH
041 ## - IDIOMA
Código de idioma para texto/pista de sonido o título separado Español
044 ## - PAÍS DE PUBLICACIÓN
País de publicación Colombia
090 ## - CLASIFICACIÓN LOCAL
Colección TE
Consecutivo 0110
100 ## - ASIENTO PRINCIPAL--NOMBRE PERSONAL
Nombre personal Mendoza Sabogal, Javier Eduardo
9 (RLIN) 14594
245 ## - MENCION DE TITULO
Título Análisis multitemporal (1940-1996) del cambio de la cobertura vegetal en dos áreas del borde sur occidental de la Sabana de Bogotá, Cundinamarca, Colombia
260 ## - PUBLICACION, DISTRIBUCION, ETC. (PIE DE IMPRENTA)
Lugar de publicación, distribución, etc. Bogotá
Nombre del editor, distribuidor, etc. Pontificia Universidad Javeriana. Facultad de Ciencias
Fecha de publicación, distribución, etc. 1999
300 ## - DESCRIPCION FISICA
Extensión 123
650 ## - ASIENTO SECUNDARIO DE MATERIA - TERMINO TEMATICO
Término temático o nombre geográfico como elemento de entrada Cobertura vegetal
9 (RLIN) 92269
650 ## - ASIENTO SECUNDARIO DE MATERIA - TERMINO TEMATICO
Término temático o nombre geográfico como elemento de entrada Análisis multitemporal
9 (RLIN) 14595
650 ## - ASIENTO SECUNDARIO DE MATERIA - TERMINO TEMATICO
Término temático o nombre geográfico como elemento de entrada Ecología del paisaje
9 (RLIN) 92227
650 ## - ASIENTO SECUNDARIO DE MATERIA - TERMINO TEMATICO
Término temático o nombre geográfico como elemento de entrada Unidades de paisaje
9 (RLIN) 4176
650 ## - ASIENTO SECUNDARIO DE MATERIA - TERMINO TEMATICO
Término temático o nombre geográfico como elemento de entrada Impacto humano
9 (RLIN) 3679
650 ## - ASIENTO SECUNDARIO DE MATERIA - TERMINO TEMATICO
Término temático o nombre geográfico como elemento de entrada Vegetación
9 (RLIN) 75201
650 ## - ASIENTO SECUNDARIO DE MATERIA - TERMINO TEMATICO
Término temático o nombre geográfico como elemento de entrada Fauna
9 (RLIN) 75202
650 ## - ASIENTO SECUNDARIO DE MATERIA - TERMINO TEMATICO
Término temático o nombre geográfico como elemento de entrada Uso del suelo
9 (RLIN) 3216
650 ## - ASIENTO SECUNDARIO DE MATERIA - TERMINO TEMATICO
Término temático o nombre geográfico como elemento de entrada Sistemas de información geográfica
9 (RLIN) 92253
662 ## - ASIENTO SECUNDARIO DE MATERIA - JERARQUIA DEL NOMBRE DE LUGAR(
País o entidad mayor Colombia
Jurisdicción política intermedia Sabana de Bogotá
Jurisdicción política de primer orden Cundinamarca
942 ## - ELEMENTOS ADICIONALES (KOHA)
Tipo de ítem Tesis
Sistema de clasificación Local
Koha issues (borrowed), all copies 1
Existencias
Withdrawn status Lost status Sistema de Clasificación Damaged status No para préstamo Colección Inventariado Ubicación Permanente Ubicación actual Fecha de adquisición Fuente de Valor Total Checkouts Número topográfico Inventario / Código de Barras Date last seen Date checked out Ejemplar Price effective from Forma de adquisición Tipo de material
    Local     Tesis Inventariado 2017 Bogotá Bogotá 30/01/2001 Baptiste, Luis Guillermo 1 TE-0110 002609 13/09/2016 13/09/2016 Ej. 1 04/12/2012 Donación Tesis